000 00419cam a22001337a 4500
008 180718b1956 xxu||||| |||| 00| 0 eng d
082 _aK4 SO13
100 _aSociety for personnel administation
245 _aPosition Evaluation Techniques
260 _awashington 15, D.C
_bSociety for personnel administation
_c1956
300 _a28p.
650 _aPosition Evaluation
700 _aSociety for personnel administation
999 _c442751
_d442751